<?xml version="1.0" encoding="UTF-8"?>
<record
    xmlns:xsi="http://www.w3.org/2001/XMLSchema-instance"
    xsi:schemaLocation="http://www.loc.gov/MARC21/slim http://www.loc.gov/standards/marcxml/schema/MARC21slim.xsd"
    xmlns="http://www.loc.gov/MARC21/slim">

  <leader>00760nac a22001811u 4500</leader>
  <controlfield tag="008">080925s2006    ua|||||r|||| 000 0 ara d</controlfield>
  <datafield tag="082" ind1=" " ind2=" ">
    <subfield code="a">220.9</subfield>
    <subfield code="b">&#x645; &#x648; &#x64A;</subfield>
    <subfield code="2">22</subfield>
  </datafield>
  <datafield tag="245" ind1=" " ind2=" ">
    <subfield code="a">&#x627;&#x644;&#x642;&#x631;&#x622;&#x646; :</subfield>
    <subfield code="b">&#x646;&#x638;&#x645;&#x647; &#x648;&#x62A;&#x639;&#x627;&#x644;&#x64A;&#x645;&#x647;&#x61B; &#x648;&#x634;&#x647;&#x627;&#x62F;&#x62A;&#x647; &#x644;&#x644;&#x643;&#x62A;&#x628; &#x627;&#x644;&#x645;&#x642;&#x62F;&#x633;&#x629;/</subfield>
    <subfield code="c">&#x648;&#x64A;&#x644;&#x64A;&#x627;&#x645; &#x645;&#x648;&#x64A;&#x631;&#x61B; &#x62A;&#x631;&#x62C;&#x645;&#x629; &#x645;&#x627;&#x644;&#x643; &#x645;&#x633;&#x644;&#x645;&#x627;&#x646;&#x64A;</subfield>
  </datafield>
  <datafield tag="260" ind1=" " ind2=" ">
    <subfield code="a">[&#x627;&#x644;&#x642;&#x627;&#x647;&#x631;&#x629;] :</subfield>
    <subfield code="b">[&#x62F;.&#x646;] &#x60C;</subfield>
    <subfield code="c">[19??]</subfield>
  </datafield>
  <datafield tag="300" ind1=" " ind2=" ">
    <subfield code="a">131 &#x635;;</subfield>
    <subfield code="c">24 &#x633;&#x645;</subfield>
  </datafield>
  <datafield tag="500" ind1=" " ind2=" ">
    <subfield code="a">&#x64A;&#x62D;&#x62A;&#x648;&#x649; &#x639;&#x644;&#x649; &#x627;&#x631;&#x62C;&#x627;&#x639;&#x627;&#x62A; &#x628;&#x644;&#x64A;&#x648;&#x62C;&#x631;&#x627;&#x641;&#x64A;&#x629;</subfield>
  </datafield>
  <datafield tag="511" ind1=" " ind2=" ">
    <subfield code="a">Catalogued by: Sara</subfield>
  </datafield>
  <datafield tag="541" ind1=" " ind2=" ">
    <subfield code="a">&#x623;&#x644;&#x641; &#x628;&#x627;&#x621;&#x61B;</subfield>
    <subfield code="c">&#x634;&#x631;&#x627;&#x621;&#x61B;</subfield>
  </datafield>
  <datafield tag="650" ind1=" " ind2=" ">
    <subfield code="a">&#x627;&#x644;&#x642;&#x631;&#x622;&#x646;</subfield>
    <subfield code="9">16017</subfield>
    <subfield code="x">&#x62A;&#x627;&#x631;&#x64A;&#x62E;</subfield>
  </datafield>
  <datafield tag="650" ind1=" " ind2=" ">
    <subfield code="a">&#x627;&#x644;&#x642;&#x631;&#x622;&#x646;&#x60C; &#x62C;&#x645;&#x639; &#x648;&#x62A;&#x62F;&#x648;&#x64A;&#x646;</subfield>
    <subfield code="9">16158</subfield>
  </datafield>
  <datafield tag="650" ind1=" " ind2=" ">
    <subfield code="a">&#x627;&#x644;&#x642;&#x631;&#x622;&#x646;&#x60C; &#x633;&#x648;&#x631; &#x648;&#x622;&#x64A;&#x627;&#x62A;</subfield>
    <subfield code="9">16159</subfield>
    <subfield code="x">&#x62A;&#x627;&#x631;&#x64A;&#x62E;</subfield>
  </datafield>
  <datafield tag="942" ind1=" " ind2=" ">
    <subfield code="c">BB</subfield>
    <subfield code="k">220.9&#x645; &#x648; &#x64A;</subfield>
    <subfield code="2">ddc</subfield>
  </datafield>
  <datafield tag="999" ind1=" " ind2=" ">
    <subfield code="c">6625</subfield>
    <subfield code="d">6625</subfield>
  </datafield>
  <datafield tag="952" ind1=" " ind2=" ">
    <subfield code="0">0</subfield>
    <subfield code="1">0</subfield>
    <subfield code="2">ddc</subfield>
    <subfield code="4">0</subfield>
    <subfield code="7">0</subfield>
    <subfield code="8">Alef-Baa</subfield>
    <subfield code="a">MAIN</subfield>
    <subfield code="b">MAIN</subfield>
    <subfield code="c">LOW</subfield>
    <subfield code="d">2010-07-25</subfield>
    <subfield code="e">purchase</subfield>
    <subfield code="o">220.9 &#x645; &#x648; &#x64A;</subfield>
    <subfield code="p">000008090</subfield>
    <subfield code="r">2025-07-15 00:00:00</subfield>
    <subfield code="y">BB</subfield>
  </datafield>
</record>
